| 000 | 00486nam a2200169Ia 4500 | ||
|---|---|---|---|
| 005 | 20250508151247.0 | ||
| 008 | 008 250505s9999 xx 000 0 eng d | ||
| 037 | _aBooks to be hide in OPAC | ||
| 040 |
_aFEDL _beng _cFEDL |
||
| 041 |
_aeng _2eng |
||
| 084 |
_a030, ENC/O _qFEDL |
||
| 245 | 0 | _aBritannica book of the year 1953 | |
| 260 |
_aChicago _bEncyclopaedia Britannica, Ltd. _c1953 |
||
| 300 | _axvi,663p. | ||
| 942 |
_cHB _h030, ENC/O |
||
| 999 |
_c1328702 _d1328702 |
||